000 00451nam a22001457a 4500
020 _a0-87006-326-X
082 _a629.25 ROT'S
100 _aROTH, ALFRED C
_974874
245 _aSMALL GAS ENGINES,FUNDAMENTALS SERVICE TROUBLESHOOTING REPAIRS
260 _aSOUTH HOLLAND
_bGOODHEART WILLCOX
_c1981
300 _a232P
650 _aINTERNAL COMBUSTION ENGINES SPARK IGNITION JUVENILE LITERATURE
_974875
700 _aBAIRD, RONALD
_974876
942 _cBK
999 _c580378
_d580378